Filme erraten mit Bildern - Buchstabe K - Statistiken

Allgemein
  • Dieses Quiz wurde 70 mal gespielt
  • Das Durchschnittsergebnis liegt bei 5 aus 16
Antwortstatistiken
Bildquiz Antwort % Korrekt
Kevin - Allein zu Haus
98%
Kung Fu Panda
90%
King Kong
86%
The Karate Kid
80%
Der Kaufhaus Cop
63%
Kill Bill
41%
Kick-Ass
20%
Die Kühe sind los
19%
King Ralph
14%
Krieg der Welten
14%
Kikis kleiner Lieferservice
7%
Krull
5%
Die Kaktusblüte
3%
Kampf der Kobolde
2%
Keine halben Sachen
0%
Kind 44
0%
Keine übereinstimmenden Quizze gefunden
Verteilung der Resultate
Anzahl Personen mit jedem Resultat
Perzentil nach korrekt beantworteten Fragen
Ihre Resultats-Entwicklung
Sie haben dieses Quiz noch nicht gespielt